Tolerancia verzus intolerancia : Filozofická analýza /
Salvato in:
| Autori principali: | , |
|---|---|
| Natura: | Libro |
| Lingua: | slovacco |
| Pubblicazione: |
Bratislava :
Vladimír Seiler,
1997
|
| Soggetti: | |
| Tags: |
Nessun Tag, puoi essere il primo ad aggiungerne!!
|
MARC
| LEADER | 00000nam a22000003a 4500 | ||
|---|---|---|---|
| 001 | stu10270 | ||
| 005 | 20150617225804.7 | ||
| 008 | 971014s1997----xo------------------slo-d | ||
| 020 | |a 80-967789-4-3 | ||
| 040 | |a STU |b slo | ||
| 041 | 0 | |a slo | |
| 044 | |a xo | ||
| 080 | |a 172.3 |7 stu_us_auth*stu6050 | ||
| 100 | 1 | |a Seiler, Vladimír |4 aut | |
| 245 | 1 | |a Tolerancia verzus intolerancia : |b Filozofická analýza / |c [aut.] Seiler,Vladimír; Seilerová,Božena | |
| 260 | |a Bratislava : |b Vladimír Seiler, |c 1997 | ||
| 300 | |a 188 s | ||
| 650 | 7 | |a sociálna etika |2 stusub | |
| 700 | 1 | |a Seilerová, Božena |4 aut | |
| 996 | |b 284EK07317 |c E*81467 |l EE01 |s A |a 24 |w stu10270_0002 | ||